Povinnosti organizácií pri pracovných úrazoch a haváriach technických zariadení

Na minha lista:
Detalhes bibliográficos
Autor principal: Dvoran, Emil
Formato: Livro
Idioma:eslovaco
Publicado em: Bratislava Práca 1986
Edição:2. dopln. vyd.
Colecção:Knižnica bezpečnosti práce zv. 3/86
Tags: Adicionar Tag
Sem tags, seja o primeiro a adicionar uma tag!

MARC

LEADER 00000nam a2200000 4500
001 c105434
005 20250916122450.3
041 0 |a slo 
044 |a SK 
245 1 0 |a Povinnosti organizácií pri pracovných úrazoch a haváriach technických zariadení  |c Emil Dvoran 
250 |a 2. dopln. vyd. 
264 1 |a Bratislava  |b Práca  |c 1986 
300 |a 123 s. 
490 1 |a Knižnica bezpečnosti práce  |v zv. 3/86 
830 0 |a Knižnica bezpečnosti práce  |v zv. 3/86 
100 1 |a Dvoran, Emil